000
00343nam a2200145Ia 4500
008
230718s9999 xx 000 0 und d
041
_a
Eng.
082
_a
343-457
_b
HAS-S
100
_a
Hassain syed Abid Regui
245
0
_a
Stamp Act, 1899
260
_a
Pakistan
_b
Mainforce Publicity
_c
2004
300
_a
152
650
_a
Law
999
_c
31756
_d
31756